000 00998nam a2200277 a 4500
001 000044684
003 DO-SdBNP
005 20240301110209.0
007 000044684
008 141216s1990 dr 000 0 spa d
040 _aBPMSU
_bspa
_cBPMSU
082 4 _a410.1
_bR789e 1990
_222
100 1 _aRosario Candelier, Bruno
_d1941-
245 1 0 _aEnsayos lingüísticos /
_cBruno Rosario Candelier.
260 _aSanto Domingo :
_bDepartamento de Publicaciones, Pontificia Universidad Catóica Madre y Maestra,
_c1990.
300 _a338 p. :
_bil. ;
_c23 cm.
490 0 _aEstudios (Universidad Catóica Madre y Maestra),
_a151
500 _aIncluye referencias bibliográficas y notas al pie de las páginas
500 _aIncluye datos biográficos del autor en la solapa de la contracubierta
590 _aInventariado, 2024/VM
650 4 _aLingüística
650 4 _aLenguaje y lenguas
650 4 _aFilosofía del lenguaje
910 _aVMateo V. Control de calidad. BPMSU
942 _2ddc
_cBK
999 _c8230
_d8230